000 00688nam a2200289Ia 4500
005 20260324135159.0
008 008 260324s9999 xx 000 0 eng d
020 _a9781315224220
037 _aEBOOK
040 _aCRL
040 _beng
040 _cCRL
041 _2eng
041 _aeng
084 _qCRL
100 _aDavid Wendell Moller
_91199633
245 0 _aLife's End
245 0 _bTechnocratic Dying in an Age of Spiritual Yearning
260 _bTaylor and Francis
260 _c2000
365 _a
365 _b93.99
856 _uhttp://www.taylorfrancis.com/books/9781315224220
942 _cEBOOK
999 _c1800447
_d1800447